[Event "Montreal Unisource-B 3rd"]
[Site "Montreal"]
[Date "2008.11.08"]
[Round "2"]
[White "Morin, Louis"]
[Black "Ouimet, Bernard"]
[Result "1-0"]
[WhiteElo "1925"]
[BlackElo "1934"]
[PlyCount "99"]
[EventDate "2008.11.07"]
[EventType "tourn"]
[EventRounds "5"]
[EventCountry "CAN"]
[SourceTitle "EXT 2011"]
[Source "ChessBase"]
[SourceDate "2010.11.26"]
[SourceVersion "1"]
[SourceVersionDate "2010.11.26"]
[SourceQuality "1"]

1. e4 e5 2. Nf3 Nc6 3. Bc4 Nf6 4. d4 exd4 5. 0-0 Nxe4 6. Re1 d5 7. Bxd5 Qxd5 8. Nc3 Qa5 9. Nxe4 Be6 10. Neg5 0-0-0 11. Nxe6 fxe6 12. Rxe6 Bd6 13. Bg5 Rde8 14. Qe2 Ne5 15. Nxd4 Qb6 16. Rxe8+ Rxe8 17. Qb5 Nc6 18. Qxb6 axb6 19. Nxc6 bxc6 20. Kf1 h6 21. Bd2 Kd7 22. Bc3 g6 23. Re1 Re6 24. Rxe6 Kxe6 25. h3 b5 26. Ke2 c5 27. b3 b4 28. Bb2 Kd5 29. Kd3 h5 30. a4 bxa3 31. Bxa3 Be7 32. Bb2 Bd6 33. c4+ Ke6 34. Ke4 c6 35. g4 hxg4 36. hxg4 Be7 37. f4 Bd6 38. f5+ gxf5+ 39. gxf5+ Kf7 40. Be5 Bf8 41. Kf3 Be7 42. Kg4 Kg8 43. Kh5 Kf7 44. Kg4 Bd8 45. Bd6 Bb6 46. Kg5 Bd8+ 47. Kf4 Bb6 48. Ke5 Ba7 49. Bc7 Ke7 50. f6+ 1-0

[Event "Montreal Mercredi 09"]
[Site "Montreal"]
[Date "2007.09.26"]
[Round "4"]
[White "Tremblay, Sigfrid"]
[Black "Ouimet, Bernard"]
[Result "1/2-1/2"]
[WhiteElo "1960"]
[BlackElo "1915"]
[PlyCount "72"]
[EventDate "2007.09.05"]
[EventType "swiss"]
[EventRounds "5"]
[EventCountry "CAN"]
[SourceTitle "EXT 2022"]
[Source "ChessBase"]
[SourceDate "2021.10.06"]
[SourceVersion "1"]
[SourceVersionDate "2021.10.06"]
[SourceQuality "1"]

1. e4 e5 2. d4 exd4 3. c3 d5 4. exd5 Qxd5 5. cxd4 Nc6 6. Be3 Nf6 7. Nf3 Bg4 8. Be2 Bb4+ 9. Nc3 0-0 10. 0-0 Bxc3 11. bxc3 Rad8 12. Qa4 Qa5 13. Qc2 Bf5 14. Bd3 Bxd3 15. Qxd3 Rfe8 16. Bd2 Ne4 17. Rfe1 Nxd2 18. Qxd2 Ne5 19. Nxe5 Rxe5 20. Rxe5 Qxe5 21. Re1 Qd5 22. Qe2 h6 23. g3 c5 24. dxc5 Qxc5 25. Qe7 Qd5 26. c4 Qd7 27. Qxd7 Rxd7 28. Re8+ Kh7 29. Ra8 a6 30. Rb8 Rc7 31. Kg2 Kg6 32. Kf3 Rxc4 33. Rxb7 Ra4 34. Rb2 Kf5 35. h3 Ra3+ 36. Ke2 Ke5 1/2-1/2

[Event "Montreal Mercredi 09"]
[Site "Montreal"]
[Date "2007.09.05"]
[Round "1"]
[White "Ouimet, Bernard"]
[Black "Courval, Francois"]
[Result "1/2-1/2"]
[WhiteElo "1915"]
[BlackElo "1914"]
[PlyCount "46"]
[EventDate "2007.09.05"]
[EventType "swiss"]
[EventRounds "5"]
[EventCountry "CAN"]
[SourceTitle "EXT 2022"]
[Source "ChessBase"]
[SourceDate "2021.10.06"]
[SourceVersion "1"]
[SourceVersionDate "2021.10.06"]
[SourceQuality "1"]

1. e4 c5 2. Nf3 e6 3. d4 cxd4 4. Nxd4 Nc6 5. Nc3 Qc7 6. g3 a6 7. Bg2 b5 8. 0-0 Bb7 9. Nxc6 dxc6 10. Bf4 e5 11. Be3 Nf6 12. Qe2 Be7 13. Rad1 0-0 14. f4 Rad8 15. f5 Rxd1 16. Rxd1 Rd8 17. g4 Rxd1+ 18. Qxd1 Qd8 19. Qxd8+ Bxd8 20. Bf3 Nd7 21. Ne2 Bb6 22. Kf2 Kf8 23. Nc1 Ke7 1/2-1/2

[Event "Quebec Carnaval op"]
[Site "Quebec"]
[Date "2002.02.09"]
[Round "2"]
[White "Soudre, Nicolas"]
[Black "Ouimet, Bernard"]
[Result "0-1"]
[WhiteElo "2193"]
[BlackElo "2001"]
[PlyCount "80"]
[EventDate "2002.02.??"]
[EventType "swiss"]
[EventRounds "5"]
[EventCountry "CAN"]
[SourceTitle "EXT 2006"]
[Source "ChessBase"]
[SourceDate "2005.11.24"]
[SourceVersion "1"]
[SourceVersionDate "2005.11.24"]
[SourceQuality "1"]

1. e4 e5 2. Nf3 Nc6 3. Nc3 Nf6 4. d4 exd4 5. Nxd4 Bb4 6. Nxc6 bxc6 7. Bd3 0-0 8. 0-0 d5 9. exd5 cxd5 10. Bg5 Bb7 11. Ne2 c5 12. c3 Ba5 13. Bc2 Qd6 14. Ng3 Bc7 15. f4 Rfe8 16. Nf5 Qb6 17. Qf3 d4 18. Qg3 Ne4 19. Bxe4 Bxe4 20. Nxg7 Kxg7 21. Bh6+ Kf6 22. Rae1 Qc6 23. c4 Rg8 24. Bg5+ Kg7 25. Qh4 Rae8 26. Qg3 Qg6 27. h4 Kh8 28. h5 Qf5 29. Qh4 Bd8 30. g4 Bxg5 31. fxg5 Qxg5 32. Qxg5 Rxg5 33. Rf4 Rge5 34. Rxf7 R5e7 35. Rf6 Kg7 36. g5 Re6 37. h6+ Kg8 38. Rf4 Bg6 39. Rxe6 Rxe6 40. b4 d3 0-1

[Event "Montreal Pere Noel op"]
[Site "Montreal"]
[Date "2000.12.29"]
[Round "4"]
[White "Strassmann, Swantje"]
[Black "Ouimet, Bernard"]
[Result "1-0"]
[WhiteElo "2007"]
[BlackElo "2054"]
[PlyCount "81"]
[EventDate "2000.??.??"]
[EventType "swiss"]
[EventRounds "5"]
[EventCountry "CAN"]
[SourceTitle "EXT 2003"]
[Source "ChessBase"]
[SourceDate "2002.11.25"]
[SourceVersion "1"]
[SourceVersionDate "2002.11.25"]
[SourceQuality "1"]

1. e4 e5 2. Bc4 Nf6 3. d3 Bc5 4. Nf3 d6 5. 0-0 0-0 6. c3 Bg4 7. Re1 Nc6 8. Nbd2 a6 9. Bb3 Qd7 10. Nf1 h6 11. Be3 Rfe8 12. h3 Be6 13. Bc2 Rad8 14. d4 exd4 15. cxd4 Bb4 16. Bd2 d5 17. e5 Nh7 18. a3 Bxd2 19. Qxd2 Nf8 20. Ng3 Ne7 21. Nh4 Nfg6 22. Nxg6 Nxg6 23. Qd3 Nf8 24. Nh5 Qe7 25. f4 Qh4 26. Qf3 Nh7 27. Rad1 f5 28. Kh2 g6 29. Ng3 Rf8 30. Nf1 Qe7 31. b4 Kh8 32. Ne3 c6 33. Rg1 Rg8 34. Qf2 Rdf8 35. g4 Qf7 36. Rdf1 Qe7 37. gxf5 Bxf5 38. Nxf5 gxf5 39. Rxg8+ Kxg8 40. Rg1+ Kh8 41. Rg6 1-0